<?xml version="1.0" encoding="UTF-8"?>
<marc:record xmlns:marc="http://www.loc.gov/MARC21/slim">
   <marc:leader>00000nam a2200000 a 4500</marc:leader>
   <marc:datafield ind1="1" ind2=" " tag="100">
      <marc:subfield code="a">Hargrave, Kiran Millwood</marc:subfield>
      <marc:subfield code="4">aut</marc:subfield>
      <marc:subfield code="e">Verfasser/-in</marc:subfield>
   </marc:datafield>
   <marc:datafield ind1=" " ind2=" " tag="653">
      <marc:subfield code="a">Freundschaft</marc:subfield>
   </marc:datafield>
   <marc:datafield ind1=" " ind2=" " tag="653">
      <marc:subfield code="a">Familie</marc:subfield>
   </marc:datafield>
   <marc:datafield ind1=" " ind2=" " tag="653">
      <marc:subfield code="a">Mädchen</marc:subfield>
   </marc:datafield>
   <marc:datafield ind1=" " ind2=" " tag="653">
      <marc:subfield code="a">Kinderbuch</marc:subfield>
   </marc:datafield>
   <marc:datafield ind1=" " ind2=" " tag="653">
      <marc:subfield code="a">Belletristische Darstellung</marc:subfield>
   </marc:datafield>
   <marc:datafield ind1=" " ind2=" " tag="653">
      <marc:subfield code="a">Psychische Gesundheit</marc:subfield>
   </marc:datafield>
   <marc:datafield ind1=" " ind2=" " tag="653">
      <marc:subfield code="a">Bipolare Störung</marc:subfield>
   </marc:datafield>
   <marc:datafield ind1=" " ind2=" " tag="653">
      <marc:subfield code="a">Kinderbuch ab 11-Jahren</marc:subfield>
   </marc:datafield>
   <marc:datafield ind1="0" ind2="0" tag="245">
      <marc:subfield code="a">Julia und der Hai</marc:subfield>
   </marc:datafield>
   <marc:datafield ind1=" " ind2="1" tag="264">
      <marc:subfield code="b">Loewe</marc:subfield>
      <marc:subfield code="c">2023</marc:subfield>
   </marc:datafield>
   <marc:datafield ind1="1" ind2=" " tag="520">
      <marc:subfield code="a">Julia zieht mit ihren Eltern in einen abgelegenen Leuchtturm auf den Shetlandinseln. Dort möchte ihre Mutter den Grönlandhai erforschen, um Erkenntnisse über Demenz abzuleiten. Schon bald freundet sich Julia mit dem indischen Jungen Kinan an und die zwei verstehen sich blind. Doch mit der Zeit verliert sich ihre Mutter zunehmend in der Forschung – an manchen Tagen ist sie geradezu überdreht, an anderen furchtbar traurig und verschlossen. Julia und ihr Vater kommen kaum mehr an sie heran und auch finanziell wird es eng, da ihre Mutter das gesamte Geld in ihre Arbeit steckt. Die Familie droht zu zerbrechen! Eines Abends wird Julias Mutter, die an einer bipolaren Störung leidet, aufgrund einer Überdosis an Medikamenten ins Krankenhaus eingeliefert. Angetrieben von Schuldgefühlen begibt sich Julia allein aufs stürmische Meer hinaus, um den Grönlandhai zu finden und die Familie auf diese Weise wieder zusammenzuführen.</marc:subfield>
   </marc:datafield>
   <marc:datafield ind1=" " ind2=" " tag="020">
      <marc:subfield code="a">9783743213777</marc:subfield>
      <marc:subfield code="9">9783743213777</marc:subfield>
   </marc:datafield>
</marc:record>
